| 000 | 01251nam a2200361 a 4500 | ||
|---|---|---|---|
| 001 | 20767 | ||
| 003 | VRT | ||
| 005 | 20260131122444.0 | ||
| 008 | 251031s1993 xo 0 slo | ||
| 015 | _aSNBA1993/05 | ||
| 020 | _a8090047475 | ||
| 035 | _aSNK000014163 | ||
| 039 | 9 |
_a202510310852 _bVLOAD _c202504141426 _dVLOAD _c202410221406 _dAUTHORITY _c202410221358 _dAUTHORITY |
|
| 040 |
_aSNK _bslo _cSNK _eAACR2 |
||
| 041 | 0 | _axo | |
| 044 |
_axo _cSK |
||
| 080 |
_a820-3 _21981 |
||
| 100 | 1 |
_aWallace, Irving, _d1916-1990 _4aut |
|
| 240 | 1 | 4 |
_aThe Almighty _lSlovensky |
| 245 | 1 | 0 |
_aVšemohúci _cIrving Wallace ; Prekl. Helena Svobodová ; Graf. upr. Marta Pavlíková ; Aut. obál. Marta Pavlíková |
| 250 | _a[1. vyd.] | ||
| 260 |
_aBratislava _bAktuell _c1993 _eTrnava _fPolygrafické závody |
||
| 300 |
_a318 s. _c21 cm |
||
| 655 | 7 |
_aumelecká literatúra _2SNK |
|
| 700 | 1 |
_aSvobodová, Helena _c(prekladateľka) _4trl |
|
| 700 | 1 |
_aPavlíková, Marta _4bkd |
|
| 700 | 1 |
_aPavlíková, Marta _4nob |
|
| 942 |
_2ddc _cKLDO _n0 |
||
| 949 |
_617A0297408 _9P60, <05>, [BOOK], {605} _asnkSC 83891 D1 _bsnkKSP 4205/93 |
||
| 949 |
_617A1009932 _asnkSC 83891 |
||
| 999 |
_c20767 _d20767 |
||